| 000 | 00391nam a2200145 4500 | ||
|---|---|---|---|
| 999 |
_c9488 _d9488 |
||
| 003 | OSt | ||
| 005 | 20210629114147.0 | ||
| 008 | 210629b ||||| |||| 00| 0 eng d | ||
| 020 | _a9789881566423 | ||
| 082 |
_a725.51 _bREB |
||
| 110 | _aRoberts, Rebel, [Editor] | ||
| 245 | _aSpecialized hospitals design and planning | ||
| 260 |
_aHong Kong _bDesign media publishing ltd., _c2014 |
||
| 942 | _2ddc | ||